000 00621nam a22002417a 4500
001 65631
003 UA-OsUOA
005 20220515224215.0
007 ta
008 20091201b un ||||| |||| 00| 0 ukr d
040 _aUA-OsUOA
_bukr
_cUA-OsUOA
_dUA-OsUOA
041 _aukr
080 _a7.03(470+571)
090 _a7.03(470+571)
_bЗ-13
100 _aЗаварова А. В.
245 _aРосійське мистецтво
260 _aК.
_c1976
300 _a131 с.
650 7 _a7.03 Історія мистецтва
_2UDC
700 _aКолесникова Д. М.
942 _cBK
_2udc
955 _a2
999 _c351710
_d351710